000 00528nam a2200217Ia 4500
003 OSt
005 20220928143811.0
006 a|||||r|||| 00| 0
007 ta
008 220927b |||||||| |||| 00| 0 eng d
024 _a23148
037 _cTextual
040 _aSDCL
_cSDCL
_beng
041 _2eng
_aeng
082 _aQ1:g(R33), M7
100 _aGupta Uma
_9506085
245 0 _aMaterialism in the vedas.
260 _c1987
942 _hQ1:g(R33), M7
_cTEXL
_2CC
999 _c825094
_d825094